Statistics for Big East Conference Basketball Player of the Year

Click here to take the quiz!

General Stats

  • This quiz has been taken 35 times
    (16 since last reset)
  • The average score is 7 of 41

Answer Stats

Hint Answer % Correct
1984*Patrick Ewing
73%
1985*Patrick Ewing
73%
1983Chris Mullin
53%
1984*Chris Mullin
53%
1985*Chris Mullin
53%
1996Ray Allen
53%
1990Derrick Coleman
40%
2014Doug McDermott
33%
1999*Richard Hamilton
27%
1992Alonzo Mourning
27%
1998Richard Hamilton
27%
2004Emeka Okafor
27%
1999*Tim James
20%
1995Kerry Kittles
13%
1986Walter Berry
13%
1987Reggie Williams
13%
1988Charles D. Smith
13%
1989Charles E. Smith
13%
1994Donyell Marshall
13%
2011Ben Hansbrough
7%
2009*DeJuan Blair
7%
1993Terry Dehere
7%
2007Jeff Green
7%
2006Randy Foye
7%
2002*Caron Butler
7%
1981John Bagely
0%
1982Dan Callandrillo
0%
2012Jae Crowder
0%
2002*Brandin Knight
0%
2010Wesley Johnson
0%
2009*Hasheem Thabeet
0%
2001*Troy Bell
0%
1997Pat Garrity
0%
2001*Troy Murphy
0%
2000Troy Murphy
0%
2005Hakim Warrick
0%
2008Luke Harangody
0%
1991Billy Owens
0%
2003Troy Bell
0%
2013Otto Porter
0%
1980John Duren
0%

Score Distribution

Percentile by Number Answered

Percent of People with Each Score

Your Score History

You have not taken this quiz since the last reset